| 000 | 01966nam a2200373 a 4500 | ||
|---|---|---|---|
| 001 | ebr10190620 | ||
| 003 | CaPaEBR | ||
| 006 | m u | ||
| 007 | cr cn||||||||| | ||
| 008 | 060817s2007 caua sb s001 0 eng | ||
| 010 | _z 2006027327 | ||
| 015 |
_aGBA709950 _2bnb |
||
| 016 | 7 |
_z013660764 _2Uk |
|
| 020 | _z9780520247185 (cloth : alk. paper) | ||
| 020 | _z0520247183 (cloth : alk. paper) | ||
| 040 |
_aCaPaEBR _cCaPaEBR |
||
| 035 | _a(OCoLC)173816775 | ||
| 043 | _aa-cc--- | ||
| 050 | 1 | 4 |
_aDS777.15.S92 _bL43 2007eb |
| 082 | 0 | 4 |
_a951.0/2 _222 |
| 100 | 1 |
_aLean, Eugenia, _d1968- |
|
| 245 | 1 | 0 |
_aPublic passions _h[electronic resource] : _bthe trial of Shi Jianqiao and the rise of popular sympathy in Republican China / _cEugenia Lean. |
| 260 |
_aBerkeley : _bUniversity of California Press, _cc2007. |
||
| 300 |
_axiv, 290 p. : _bill. |
||
| 504 | _aIncludes bibliographical references (p. 257-274) and index. | ||
| 505 | 0 | _aThe assassin and her revenge: a tale of moral heroism and female self-fashioning in an age of mass communication -- Media sensation: public justice and the sympathy of an urban audience -- Highbrow ambivalence: fear of the masses and feminized sentiment -- The trial: courtroom spectacle and ethical sentiment in the rule of law -- A state pardon: sanctioned violence under Nationalist rule -- Beyond the 1930s: from wartime patriotism to counter-revolutionary sentiment. | |
| 533 |
_aElectronic reproduction. _bPalo Alto, Calif. : _cebrary, _d2013. _nAvailable via World Wide Web. _nAccess may be limited to ebrary affiliated libraries. |
||
| 600 | 1 | 0 |
_aSun, Chuanfang, _d1885-1935 _xAssassination. |
| 600 | 1 | 0 |
_aShi, Jianqiao, _d1906-1979 _vTrials, litigation, etc. |
| 650 | 0 |
_aTrials (Assassination) _zChina. |
|
| 655 | 7 |
_aElectronic books. _2local |
|
| 710 | 2 | _aebrary, Inc. | |
| 856 | 4 | 0 |
_uhttp://site.ebrary.com/lib/rucke/Doc?id=10190620 _zAn electronic book accessible through the World Wide Web; click to view |
| 999 |
_c234691 _d234691 |
||